00411nam a22001457a 450000500170000000800410001702200130005804100230007108200130009410000230010724500310013026000460016130000320020765000260023920240723141643.0240723b |||||||| |||| 00| 0 eng d a00382396 aEnglish/Afrikaans  a349 SOU  lEnglish/Afrikaans  aSouth African Law Reports  aCape Town: bJuta and Company Ltd, c2022 bxxxix, 638 pages; c26 cm.  aLegal practice bLaw